00000000cam 2200000zi 4500
0019.962817
003CaOODSP
00520260515085351
006m     o  d f      
007cr cn|||||||||
008260515s2026    onca    o    f000 0 fre d
040 |aCaOODSP|bfre|erda|cCaOODSP
043 |an-cn---
0861 |aD69-102/2026F-PDF
24500|aRapport d'impact 2025 : |bRDDC|DRDC.
24613|aRDDC - rapport d'impact 2025
264 1|a[Ottawa] : |bDéfense nationale = National Defence, |c[2026]
300 |a1 ressource en ligne (17 pages) : |billustrations en couleur
336 |atexte|btxt|2rdacontent/fre
337 |ainformatique|bc|2rdamedia/fre
338 |aressource en ligne|bcr|2rdacarrier/fre
500 |aPublié aussi en anglais sous le titre : Impact report 2025: DRDC|RDDC.
500 |aPage 17 reproduite en anglais et inversée.
500 |aTitre de la couverture.
500 |a« Sous ministre adjoint (Recherche et développement pour la défense Canada). »
61026|aR et D pour la défense Canada.
650 6|aRecherche militaire|zCanada.
7102 |aR et D pour la défense Canada, |eorganisme de publication.
77508|tImpact report 2025 : |w(CaOODSP)9.962751
85640|qPDF|s2.61 Mo|uhttps://publications.gc.ca/collections/collection_2026/mdn-dnd/D69-102-2026-fra.pdf